Regionálne rozdiely a kvalita života domácností na Slovensku v období krízy

Regionálne rozdiely na Slovensku a ich zmeny v dôsledku krízy. Čisté peňažné príjmy a výdavky domácností v jednotlivých regiónoch v kontexte kvality života. Zmeny na prelome rokov 2008 a 2009. Prehlbovanie regionálnych rozdielov a rôzny vplyv krízy v absolútnom vyjadrení, ale aj v percentách.

Na minha lista:
Detalhes bibliográficos
Autor principal: Psárska, Marianna
Formato: Capítulo de Livro
Idioma:eslovaco
Assuntos:
Tags: Adicionar Tag
Sem tags, seja o primeiro a adicionar uma tag!

MARC

LEADER 00000nla$a2200000$$$4500
001 0126011
005 20240502083319.1
041 0 |a slo 
044 |a CZ 
245 1 0 |a Regionálne rozdiely a kvalita života domácností na Slovensku v období krízy  |c Marianna Psárska 
520 |a Regionálne rozdiely na Slovensku a ich zmeny v dôsledku krízy. Čisté peňažné príjmy a výdavky domácností v jednotlivých regiónoch v kontexte kvality života. Zmeny na prelome rokov 2008 a 2009. Prehlbovanie regionálnych rozdielov a rôzny vplyv krízy v absolútnom vyjadrení, ale aj v percentách. 
610 2 0 |a politika regionálna 
610 2 0 |a domácnosti 
610 2 0 |a príjmy 
610 2 0 |a výdavky 
610 2 0 |a kvalita života 
610 2 0 |a kríza hospodárska 
610 2 0 |a Slovensko 
100 1 |a Psárska, Marianna